000 00240nam a2200097Ia 4500
001 653016
005 20250826154449.0
008 250824s9999 xx 000 0 und d
245 0 _aOSMAN GAZİ
_cYAVUZ BAHADIROĞLU
260 _bNESİL YAYINLARI
999 _c653016
_d653016